000 01283nab a2200241 i 4500
001 768714001
003 CO-MdFUSB
005 20240609103412.0
008 240530t1975 ag ||||| |||| 00| 0 spa d
040 _bspa
_cCO-MdFUSB
_dCO-MdFUSB
041 _aspa
100 1 _aPadilla, C. René
_d1932-
_eautor
245 1 3 _aLa mujer :
_bun ser humano
_c/ C. René Padilla
520 _aNo hay explicaciones claras para la emancipación positiva de la mujer. Se está revisando la noción de que una mujer debe casarse virgen, que ha sido causa de agudos conflictos durante siglos; pero hay mujeres para quienes el sexo prematrimonial es (quizás esencial) y hace parte de la liberación. Para evitar errores, debemos ser conscientes de la importancia de la liberación de la mujer desde la perspectiva del propósito de Dios al crear a la mujer.
650 7 _aFeminismo
_xAspectos religiosos
_9451
650 7 _aDios
_9178
650 7 _aMujeres
_xDerechos
_9325
650 0 _aMujeres
_xAspectos religiosos
_xCristianismo
_9326
650 7 _aTeología feminista
_9681
773 0 _069974
_982717
_dBuenos Aires
_oR2609
_tCerteza
_w(CO-MdFUSB)768714001
_gNúmero 57, (enero - marzo, 1975) páginas: 20 - 23
_qpágina: 20
942 _cANA
945 _aCatherine Arias Álvarez - Practicante SENA
999 _c70013
_d70013